000 01108nam a2200217 i 4500
001 157178
003 ES-MaACL
005 20250930063135.0
008 931025s1871 sp |||| | spa d
080 _a821.134.2(460.35)-14.09"15/16"
100 1 _aLasso de la Vega, Ángel,
_d1831-1899
_9128726
245 1 0 _aHistoria y juicio crítico de la escuela poética sevillana en los siglos XVI y XVII /
_cmemoria escrita por Angel Lasso de la Vega y Arguelles... ; impresa con auxilio del Ministerio de Fomento ; y precedido de una carta del ilmo. sr. Jose Amador de los Rios.
260 _aMadrid :
_b[s.n.],
_c1871 (
_fImp. de la viuda è hijos de Galiano)
300 _aXX, 352 p. ;
_c25 cm.
530 _aDisponible también en sitio web.
650 4 _aPoesía española-
_zAndalucía-
_xHistoria y crítica.
_9151205
700 1 _aAmador de los Ríos, José,
_d1818-1878
_921088
852 _aES-MaACL
_jG-8084(1)
_z-- Enc. hol.
856 _uhttp://bibliotecadigitalhispanica.bne.es:80/webclient/DeliveryManager?pid=2914913&custom_att_2=simple_viewer
_zIr a la página
999 _c157178
_d157178